000 02581cam a2200577Ii 4500
001 sjds1106323
003 sjds
005 20240527104137.0
008 030310t20022002nyua c 000 1 spa
010 _a 2003005597
020 _a9781930332508 (pbk.)
020 _a9781415592403 (FollettBound)
040 _dUtOrBLW
_csjds
041 1 _aspa
_heng
049 _aIFAA
099 _f2002
100 1 _aOsborne, Mary Pope,
_eauthor.
240 1 0 _aKnight at dawn.
_lSpanish
245 1 3 _aEl caballero del alba /
_cMary Pope Osborne ; ilustrado por Sal Murdocca ; traducido por Marcela Brovelli.
260 _aNew York :
_bLectorum Publications,
_cc2002
264 1 _aNew York :
_bLectorum Publications,
_c[2002]
264 4 _cc2002
300 _a65 pages :
_billustrations ;
_c19 cm.
336 _atext
_btxt
_2rdacontent
337 _aunmediated
_bn
_2rdamedia
338 _avolume
_bnc
_2rdacarrier
490 1 _aLa casa del arbol ;
_v#2
505 0 _aDe noche en el bosque -- Volver a partir -- Al otro lado del puente -- En el castillo -- Atrapados -- Abracadabra! -- El pasadizo secreto -- El caballero -- Bajo la luna -- Un misterio resuelto.
520 _aEight-year-old Jack and his younger sister Annie use the magic treehouse to travel back to the Middle Ages, where they explore a castle and are helped by a mysterious knight.
526 0 _aAccelerated Reader
_bLG
_c2.9
_d1.0
_z6327SP
650 0 _aTime travel
_vJuvenile fiction.
650 0 _aCastles
_vJuvenile fiction.
650 0 _aMiddle Ages
_vJuvenile fiction.
650 0 _aKnights and knighthood
_vJuvenile fiction.
650 0 _aMagic
_vJuvenile fiction.
650 0 _aTree houses
_vJuvenile fiction.
650 7 _aViaje a traves del tiempo
_vNovela juvenil.
_2bidex
650 7 _aCastillos
_vNovela juvenil.
_2bidex
650 7 _aEdad Media
_vNovela juvenil.
_2bidex
650 7 _aCaballeros y caballerĂ­a
_vNovela juvenil.
_2bidex
650 7 _aMagia
_vNovela juvenil.
_2bidex
650 7 _aCabanas en las arboles
_vNovela juvenil.
_2bidex
700 1 _aMurdocca, Sal,
_eillustrator.
700 1 _aBrovelli, Marcela,
_etranslator.
800 1 _aOsborne, Mary Pope.
_tMagic tree house series.
_lSpanish ;
_v2.
856 4 1 _3Table of contents
_uhttp://www.loc.gov/catdir/toc/ecip041/2003005597.html
856 4 1 _3Table of contents
_uhttp://catdir.loc.gov/catdir/toc/ecip041/2003005597.html
856 4 1 _3Table of contents
_uhttp://www.loc.gov/catdir/toc/ecip041/2003005597.html
856 4 1 _3Table of contents
_uhttp://catdir.loc.gov/catdir/toc/ecip041/2003005597.html
942 _cBK
_2ddc
999 _c29819
_d29817